Welcome to CU Library Online Public Access Catalogue (OPAC)

Entrepreneurship/ (Record no. 4303)

MARC details
000 -LEADER
fixed length control field 00574nam a22001937a 4500
005 - DATE AND TIME OF LATEST TRANSACTION
control field 20250225115719.0
008 - FIXED-LENGTH DATA ELEMENTS--GENERAL INFORMATION
fixed length control field 250225b |||||||| |||| 00| 0 eng d
020 ## - INTERNATIONAL STANDARD BOOK NUMBER
International Standard Book Number 9780077126841
050 ## - LIBRARY OF CONGRESS CALL NUMBER
Classification number HD62.5
Item number .H577 HIS
100 ## - MAIN ENTRY--PERSONAL NAME
Personal name Hisrich Robert D.
245 ## - TITLE STATEMENT
Title Entrepreneurship/
Statement of responsibility, etc. Robert D. Hisrich, Michael P. Peters & Dean A. Shepherd.
250 ## - EDITION STATEMENT
Edition statement African Ed.
260 ## - PUBLICATION, DISTRIBUTION, ETC.
Place of publication, distribution, etc. Boston
Name of publisher, distributor, etc. McGraw-Hill
Date of publication, distribution, etc. 2009
300 ## - PHYSICAL DESCRIPTION
Extent iv. 593p.
Other physical details ill.
Dimensions 28 cm
650 ## - SUBJECT ADDED ENTRY--TOPICAL TERM
Source of heading or term Entreprenuership
700 ## - ADDED ENTRY--PERSONAL NAME
Personal name Peters Michael P.
700 ## - ADDED ENTRY--PERSONAL NAME
Personal name Shepherd Dean A.
942 ## - ADDED ENTRY ELEMENTS (KOHA)
Source of classification or shelving scheme Library of Congress Classification
Koha item type Books
Edition African Ed.
Suppress in OPAC No
999 ## -
-- 4303
-- 4303
Holdings
Withdrawn status Lost status Source of classification or shelving scheme Damaged status Not for loan Collection Home library Current library Shelving location Date acquired Total checkouts Full call number Barcode Date last seen Copy number Price effective from Koha item type
    Library of Congress Classification     Non-fiction Business Library (Miotso) Business Library (Miotso) General stacks 02/25/2025   HD62.5 .H577 HIS BSSM00000965 02/25/2025 1 02/25/2025 Books
    Library of Congress Classification     Non-fiction Business Library (Miotso) Business Library (Miotso) General stacks 02/25/2025   HD62.5 .H577 HIS BSSM00000966 02/25/2025 2 02/25/2025 Books
    Library of Congress Classification     Non-fiction Business Library (Miotso) Business Library (Miotso) General stacks 02/25/2025   HD62.5 .H577 HIS BSSM00000967 02/25/2025 3 02/25/2025 Books
    Library of Congress Classification     Non-fiction Business Library (Miotso) Business Library (Miotso) General stacks 02/25/2025   HD62.5 .H577 HIS BSSM00000968 02/25/2025 4 02/25/2025 Books
    Library of Congress Classification     Non-fiction Business Library (Miotso) Business Library (Miotso) General stacks 02/25/2025   HD62.5 .H577 HIS BSSM00000969 02/25/2025 5 02/25/2025 Books
    Library of Congress Classification     Non-fiction Business Library (Miotso) Business Library (Miotso) General stacks 02/25/2025   HD62.5 .H577 HIS BSSM00000970 02/25/2025 6 02/25/2025 Books
    Library of Congress Classification     Non-fiction Business Library (Miotso) Business Library (Miotso) Reference 03/05/2025   HD62.5 .H577 HIS bssm00001135 02/25/2025 7 03/05/2025 Books
    Library of Congress Classification     Non-fiction Graduate Library (Christ Temple) Graduate Library (Christ Temple) General stacks 06/09/2025   HD 62.5.H577 HIS GSCT00001565 06/09/2025 1 06/09/2025 Books
    Library of Congress Classification     Non-fiction Graduate Library (Christ Temple) Graduate Library (Christ Temple) General stacks 06/09/2025   HD 62.5.H577 HIS GSCT00001566 06/09/2025 2 06/09/2025 Books
    Library of Congress Classification       Graduate Library (Christ Temple) Graduate Library (Christ Temple) General stacks 03/21/2026   HD 62.5.H577 HIS gsct00003324 03/21/2026   03/21/2026 Books
    Library of Congress Classification     Non-fiction Undergraduate Library (Christ Temple) Undergraduate Library (Christ Temple) General stacks 03/13/2025   HD62.5.H577 HIS ulct00001690 03/13/2025 1 03/13/2025 Books
    Library of Congress Classification     Non-fiction Undergraduate Library (Christ Temple) Undergraduate Library (Christ Temple) General stacks 03/13/2025   HD62.5.H577 HIS ulct00001691 03/13/2025 1 03/13/2025 Books
    Library of Congress Classification     Non-fiction Undergraduate Library (Christ Temple) Undergraduate Library (Christ Temple) General stacks 03/13/2025   HD62.5.H577 HIS ulct00001692 03/13/2025 2 03/13/2025 Books
© 2023-2024 Copyright: Central University Libraries. All Rights Reserved | Created by: Mahone Tech Office